000 03173nab a2200265 i 4500
003 BR-BrBNA
005 20250717171345.0
008 250717b bl.||||| |||| 00| 0 por d
040 _aBR-BrBNA
_bpor
072 _aF70
100 _aMachnicki-Reis, Miguel
100 _aSmidt, Eric de Camargo
245 _aO gênero Polystachya (Orchidaceae, Polystachyinae) no estado do Paraná, Brasil
500 _aPublicação on-line; 27 ref.; 2 illus.; Summaries (En, Pt)
520 _a Resumo Polystachya compreende cerca de 200 espécies epífitas e terrestres, com distribuição Pantropical. As espécies do gênero destacam-se pois nem o pedúnculo e nem o ovário ressupinam, de modo que o labelo está posicionado na parte superior da flor. O objetivo deste estudo foi realizar o tratamento taxonômico de Polystachya no estado do Paraná, apresentando descrições, pranchas, mapas de distribuição, chave de identificação, estado de conservação e comentários para cada espécie. São encontradas quatro espécies para o estado do Paraná, sendo o primeiro registro de P. rupicola. O gênero ocorre predominantemente na Floresta Ombrófila Densa, com alguns registros na Floresta Ombrófila Mista e em Estepe Gramíneo Lenhosa no estado. De acordo com os critérios da IUCN, P. rupicola é considerada como criticamente em perigo, P. caespitosa, P. caracasana e P. concreta como em perigo, devido a destruição do habitat e coleta indiscriminada. É proposta a lectotipificação para P. caespitosa. Palavras-chave: biodiversidade, flora do Paraná, IUCN, Mata Atlântica, monocodiledoneas. Abstract Polystachya comprises ca. 200 epiphytes and terrestrial species with a Pantropical distribution. The species of this genus are highlighted because of neither the pedicel nor the ovary resupinate, so the lip is positioned in the uppermost position in the flower. This study aimed to do the taxonomic treatment of Polystachya in Paraná state, presenting the descriptions, plates, distribution maps, identification key, conservation status, comments for each species. Four species are found for the state of Paraná, being the first record of P. rupicola. The genus occurs predominantly in the Floresta Ombrófila Densa, with some records in Floresta Ombrófila Mista and Estepe Gramíneo Lenhosa in the state. According to the criteria of the IUCN, P. rupicola can be considered as critically endangered and P. caespitosa, P. caracasana and P. concreta as endangered due to the habitat destruction and indiscriminate collection. A lectotype is proposed for P. caespitosa. Key words: biodiversity, flora of Paraná, IUCN, Atlantic Forest, monocots.
650 _aBIODIVERSIDADE
650 _aFLORA
650 _aPARANÁ
650 _aMATA ATLÂNTICA
650 _aMONOCOTILEDÔNEA
773 0 _0709
_9351354
_dRio de Janeiro-RJ Jardim Botanico do Rio de Janeiro 1935
_o2025-3977
_tRodriguésia (Brazil)
_x0370-6583; 2175-7860 on-line
_gv. 70 p. 1-9; (2019)
_wBR2025003258
856 _uhttps://www.scielo.br/j/rod/a/RHV5K4CQGQBVLrqWFy6ysby/?format=pdf&lang=pt
942 _cANA
999 _c333954
_d333954